MOOT COURT AND MOCK TRIAL (Record no. 216342)
[ view plain ]
| 000 -LEADER | |
|---|---|
| fixed length control field | 00472nam a22001577a 4500 |
| 008 - FIXED-LENGTH DATA ELEMENTS--GENERAL INFORMATION | |
| fixed length control field | 251209b |||||||| |||| 00| 0 eng d |
| 020 ## - INTERNATIONAL STANDARD BOOK NUMBER | |
| International Standard Book Number | 978-93-8651-514-8 |
| 050 ## - LIBRARY OF CONGRESS CALL NUMBER | |
| Classification number | KNS 50.B493 2018 |
| 100 ## - MAIN ENTRY--PERSONAL NAME | |
| Personal name | BHATIA K.L |
| 245 ## - TITLE STATEMENT | |
| Title | MOOT COURT AND MOCK TRIAL |
| Remainder of title | ART TO AND ART OF ADVOCACY:ESSENTIALS OF COURT CRAFT |
| 260 ## - PUBLICATION, DISTRIBUTION, ETC. | |
| Place of publication, distribution, etc. | INDIA |
| Name of publisher, distributor, etc. | LEXIS AND NEXIS |
| Date of publication, distribution, etc. | 2018 |
| 300 ## - PHYSICAL DESCRIPTION | |
| Extent | X,284 |
| 650 ## - SUBJECT ADDED ENTRY | |
| Topical term or geographic name entry element | Moot courts-india Mock traits india |
| 942 ## - ADDED ENTRY ELEMENTS (KOHA) | |
| Source of classification or shelving scheme | Library of Congress Classification |
| Koha item type | Long Loan Book |
| Withdrawn status | Lost status | Source of classification or shelving scheme | Damaged status | Not for loan | Collection | Home library | Current library | Shelving location | Date acquired | Inventory number | Total checkouts | Full call number | Barcode | Date last seen | Copy number | Price effective from | Koha item type |
|---|---|---|---|---|---|---|---|---|---|---|---|---|---|---|---|---|---|
| Library of Congress Classification | Law | Kisii University Library | Kisii University Library | On Display | 12/09/2025 | 110545 | KNS 50.B493 2018 | 000000018706 | 12/09/2025 | C.1 | 12/09/2025 | Long Loan Book | |||||
| Library of Congress Classification | Law | Kisii University Library | Kisii University Library | On Display | 12/09/2025 | 110546 | KNS 50.B493 2018 | 000000018707 | 12/09/2025 | C.2 | 12/09/2025 | Long Loan Book | |||||
| Library of Congress Classification | Law | Kisii University Library | Kisii University Library | On Display | 12/09/2025 | 110547 | KNS 50.B493 2018 | 000000018708 | 12/09/2025 | C.3 | 12/09/2025 | Long Loan Book | |||||
| Library of Congress Classification | Law | Kisii University Library | Kisii University Library | On Display | 12/09/2025 | 110548 | KNS 50.B493 2018 | 000000018709 | 12/09/2025 | C.4 | 12/09/2025 | Long Loan Book |